000 00515nam a22001697a 4500
999 _c8692
_d8692
008 201210b ||||| |||| 00| 0 eng d
040 _aBMS College of Architecture
100 _aC, Pramod
245 _amixed use development Bangalore
300 _a73p.
500 _a1BM11AT044
502 _8B,Arch
_NBMS College of Architecture, Visvesvaraya Technological University (VTU)
_aProject report
_d2016
650 _aBangalore
700 _aBhaghyalaxmi M
_eGuide
700 _aAmresh Hati
_eGuide
942 _2ddc
_cTHE